| 000 | 00945nam a2200229 a 4500 | ||
|---|---|---|---|
| 001 | BRCA_855 | ||
| 005 | 20190320203158.0 | ||
| 008 | 820105s1980 sp-a---##b---#001-0#spa-# | ||
| 020 | _a840004634X (Obra completa) | ||
| 040 |
_aDLC _cDLC _dDLC |
||
| 050 | 4 |
_aNK7215 _b.E88 1980 |
|
| 100 | 1 |
_aEsteras Martín, Cristina _92853 |
|
| 245 | 1 | 0 |
_aOrfebrería de Teruel y su provincia _bsiglos XIII al XX _cCristina Esteras Martín. |
| 260 |
_aTeruel _bInstituto de Estudios Turolenses de la Excma. Diputación Provincial _c1980 |
||
| 300 |
_a2 v. _bil. _c24 cm. |
||
| 500 | _aIncluye índice de los documentos, índice de las fuentes manuscritas consultadas, índice onomástico e índice geográfico (v.2) | ||
| 500 | _aOriginalmente fue presentada por el autor como tesis (doctoral) | ||
| 504 | _aBibliografía : p. [461]-479 (v.2) | ||
| 650 | 1 | 4 |
_aPlatería religiosa _zEspaña _92854 |
| 650 | 1 | 4 |
_aMarcas del contraste _zEspaña _92855 |
| 942 |
_2lcc _cB |
||
| 999 |
_c750 _d750 |
||